000 00440nam a22001697a 4500
003 BD-DhUIB
005 20251014153307.0
008 251014b |||||||| |||| 00| 0 eng d
040 _aBD-DhUIB
_cBD-DhUIB
050 _a300.72
082 _222
100 _aSufian, Abu Jafar Mohammad.
_91014
245 _aMehods and techniques of social research/
_cby Mohammad, Sufian Abu Jafar.
250 _a2nd ed.
526 _aBBA.
942 _2ddc
_cBK
999 _c558
_d558